LDR 01003naa#a2200169#i#450# 001 RU\\bibl\20317 005 20260702025347.4 100 ## _a20260630b2026####ek#y0rusy0150####ca 102 ## _aRU 200 1# _aГИБРИДНАЯ АРХИТЕКТУРА КООПЕРАТИВНОЙ НАВИГАЦИИ МОБИЛЬНЫХ РОБОТОВ С ФОРМАЛЬНЫМИ ГАРАНТИЯМИ БЕЗОПАСНОСТИ _eСтатья/тезисы конференции 210 1# _aВоронеж _cВоронежский государственный лесотехнический университет имени Г.Ф. Морозова _d2026 215 ## _a9 с. 608 ## _aСтатья/тезисы конференции _2local 675 ## _aИнформационные технологии. Компьютерные технологии. Теория вычислительных машин и систем. 004 _z 700 #1 _aЕвчук _gИ. Р. 700 #1 _aЗаревич _gАнтон Иванович 856 4# _abibl.vgltu.ru _u